00744cam a22001932a 4500001000900000003001100009005001700020008004300037040003200080245007000112260001700182260001900199260000900218300001000227440007100237500017300308650005000481700001900531 002049 AR-FADEU20191104091925.0 311216n1974####xxu####################dd cBiblioteca Ernesto Sábato aLas HISTORIAS de vida en ciencias sociales : Teoría y técnica aBuenos Aires bNueva Visión c1974 a219 p aCuadernos de investigación social. Dir. por Manuel Mora y Araujo aTrabajos de Jorge Balán, Robert Angell, Howard S. Becker, Juan F. Marsal, Harley L. Browning, Elizabeth Jelin, Lee Litzler, James W. Wilkie, L.L. Langness y June Nash aINVESTIGACION SOCIAL; HISTORIA DE VIDA/BLYNK/ aJulio, Balán